Manual of Drug & Cosmetic Laws (Record no. 73974)

MARC details
000 -LEADER
fixed length control field 00341pam a2200145 a 4500
020 ## - INTERNATIONAL STANDARD BOOK NUMBER
Terms of availability
041 ## - LANGUAGE CODE
Language code of original
082 ## - DEWEY DECIMAL CLASSIFICATION NUMBER
Classification number 615.1
Item number CON
100 ## - MAIN ENTRY--PERSONAL NAME
Personal name Consul, S C.
245 ## - TITLE STATEMENT
Title Manual of Drug & Cosmetic Laws
Medium Textual Documents
260 ## - PUBLICATION, DISTRIBUTION, ETC.
Place of publication, distribution, etc. Delhi
Name of publisher, distributor, etc. Metropolitan Book Co Pvt. Ltd.
Date of publication, distribution, etc. 1963
300 ## - PHYSICAL DESCRIPTION
Extent 500.
653 ## - INDEX TERM--UNCONTROLLED
Uncontrolled term Pharmacology
930 ## - EQUIVALENCE OR CROSS-REFERENCE-UNIFORM TITLE HEADING [LOCAL, CANADA]
Uniform title 663
Holdings
Withdrawn status Lost status Damaged status Not for loan Collection Home library Current library Date acquired Cost, normal purchase price Total Checkouts Full call number Barcode Date last seen Copy number Price effective from Koha item type
          Poona College of Pharmacy, Pune Poona College of Pharmacy, Pune 29/02/1980 18.00   615.1 CON PCP-DG-145 24/02/2023 1 24/02/2023 Book